000 01262nam a2200337 i 4500
001 000046483
003 DO-SdBNP
005 20250528143805.0
007 ta
008 150819s2015 dr 000 0 spa d
020 _a9789945857863
040 _aDO-SdBNP
_bspa
_cBNPHU
_erda
041 _aspa
082 4 _aH841.1
_bV623y
_222
100 1 _aViau, Jacques,
_d1941-1965.
_eautor
_4aut.
_987901
245 1 0 _aY en tu nombre elevaré mi voz :
_bJacques Viau Renaud poesía y homenaje a su gesta /
_ceditora, Ángela Hernández Núñez ; prólogo, Andrés L. Mateo.
264 _aSanto Domingo, República Dominicana :
_bFundación Juan Bosch,
_c2015.
300 _a178 páginas :
_bilustraciones ;
_c23 cm.
336 _atexto
_btxt
_2rdacontent
337 _asin mediación
_bn
_2rdamedia
338 _avolumen
_bnc
_2rdacarrier
490 0 _aColección Bosch vive ;
_v13
500 _aIncluye datos biográficas del autor en la solapa de la cubierta
590 _aInventariado, 2025
650 4 _aPoesía haitiana
_966
650 4 _aLiteratura haitiana
_967
700 1 _aHernández, Ángela,
_d1954-
_eeditor
_4ED.
_92564
700 1 _aMateo, Andrés L.,
_d 1946-
_eprólogo
_9776
910 _aValidado. Control de calidad MFF
942 _2ddc
_cLBS1
999 _c45972
_d45972